Munich and memory : architecture, monuments, and the legacy of the Third Reich
Αποθηκεύτηκε σε:
| Κύριος συγγραφέας: | |
|---|---|
| Μορφή: | Βιβλίο |
| Γλώσσα: | English |
| Δημοσίευση: |
Berkeley :
University of California Press,
c2000
|
| Σειρά: | Weimar and now ;
; 22 |
| Θέματα: | |
| Ετικέτες: |
Προσθήκη ετικέτας
Δεν υπάρχουν, Καταχωρήστε ετικέτα πρώτοι!
|
MARC
| LEADER | 00000nam a2200000 i 4500 | ||
|---|---|---|---|
| 001 | 1/78464 | ||
| 008 | 080321s2000 eng d | ||
| 020 | |a 0-520-21910-4 | ||
| 035 | |l 10095737 | ||
| 040 | |a GR-MY-UA |b gre |e aacr | ||
| 041 | 0 | |a eng | |
| 082 | 0 | |a 720.943364 |2 (22) | |
| 100 | 1 | |a Rosenfeld, Gavriel David |d 1967- | |
| 245 | 1 | 0 | |a Munich and memory : |b architecture, monuments, and the legacy of the Third Reich / |c Gavriel D. Rosenfeld |
| 260 | |a Berkeley : |b University of California Press, |c c2000 | ||
| 300 | |a xxiii, 433 σ.; |b εικ.; |c 27 εκ. | ||
| 490 | 1 | |a Weimar and now |v ; 22 | |
| 504 | |a Βιβλιογραφία: σ. 399-421 | ||
| 504 | |a Ευρετήριο: σ. 423-433 | ||
| 650 | 0 | 0 | |a Architecture |z Germany |z Munich |y 20th century. |
| 650 | 0 | 0 | |a Architecture |x Conservation and restoration |z Germany |z Munich. |
| 650 | 0 | 0 | |a Reconstruction (1939-1951) |z Germany |z Munich. |
| 650 | 0 | 0 | |a National socialism and architecture |z Germany |z Munich. |
| 651 | 0 | |a Munich (Germany) |x Buildings, structures, etc. | |
| 830 | 0 | |a Weimar and now ; |v ; 22 | |
| 852 | |a INST |b LESVOS |e 20080321 |h 720.943364 ROS |p 005100038725 |q 005100038725 |t BK |y 0 | ||
| 852 | |a INST |b LESVOS |e 20081017 |h 720.943364 ROS |p 005100044311 |q 005100044311 |t BK |y 0 | ||
| 901 | |a BIBL1-2008-1 | ||
| 901 | |a BIBL1-2008-3 | ||
| 909 | |a Λ |b 143067 | ||
| 909 | |a Λ |b 145263 | ||
| 922 | |a 1ΕΛΗ |b 200712 |c ΕΠΕΑΕΚ2/ΤΚΑ |d ΠΑΠΑΣΩΤΗΡΙΟΥ | ||
| 922 | |a 1ΕΛΗ |b 200801 |c ΕΠΕΑΕΚ2/ΤΚΑ |d ΕΛΕΥΘΕΡΟΥΔΑΚΗΣ | ||
| 970 | |a ΓΙΑΛΑΜΑ |b ΜΑΡΙΑ |z 2008/03/21 | ||